| 000 | 01144nmm a2200337 a 4500 | ||
|---|---|---|---|
| 001 | ocm0001083761 | ||
| 003 | TR-IsHL | ||
| 005 | 20201028151657.0 | ||
| 008 | 150709s2007 tu tur | ||
| 007 | cr cn | ||
| 020 | _a9789758514632 | ||
| 035 |
_a1083761 _b(N$T) |
||
| 050 | 0 | 4 |
_aBP161.2 _b.G39 2007 |
| 090 | 0 | 4 |
_aBP161.2 _b.G39 2007 |
| 100 | 1 | _aGazali, İmamı | |
| 245 | 1 | 0 |
_aDilbelaları lisan afetleri: Kitabu'l-Afeti'l-Lisan _h[electronic resource] / _cİmamı Gazali ; tashih F. Nisanur Ülker, Nuran Ülker ; editör Abdullah Er |
| 260 |
_aİstanbul : _bBedir Yayınları, _c2007 |
||
| 300 | _a194 p. | ||
| 500 |
_aEserin orijinal adı : Kitabu'l-Afeti'l-Lisan _x |
||
| 650 | 4 | _aFelsefe, Psikoloji ve Din | |
| 650 | 4 | _aPhilosophy, Psychology and Religion | |
| 650 | 0 | _aKitabu'l-Afeti'l-Lisan | |
| 650 | 0 | _aİmamı Gazali | |
| 650 | 0 | _aDin | |
| 650 | 0 | _aReligion | |
| 650 | 7 |
_aRELIGION / Islam / General _2bisacsh |
|
| 700 | 1 | _aÜlker, F. Nisanur | |
| 700 | 1 | _aÜlker, Nuran | |
| 700 | 1 | _aEr, Abdullah | |
| 856 | 4 | 0 | _uhttp://search.ebscohost.com/login.aspx?direct=true&scope=site&db=e011xww&AN=1083761 |
| 999 |
_c11129 _d11129 |
||